| 000 | 00474nam a2200157 a 4500 | ||
|---|---|---|---|
| 001 | 000036958 | ||
| 005 | 20200930080040.0 | ||
| 008 | 120207s2006 xxuac 000 0 spa d | ||
| 020 | _a9780521869119 | ||
| 040 |
_aDO-SdBNP _bspa _cBNPHU |
||
| 082 |
_axxx _bxxx |
||
| 100 | 1 |
_aMoyar, Mark _963349 |
|
| 245 | 1 | 0 |
_aTriumph forsaken : _bthe vietnam war, 1954-1965 / _cMark Moyar. |
| 260 |
_aNew York : _bCambridge University Press, _c2006. |
||
| 300 |
_a512 p. : _bil., retr. ; _c25 cm. |
||
| 999 |
_c36448 _d36448 |
||